000 00953cam a2200301 4500
001 B2251
008 090401t1989 xxu||||| |||| 00| 0 eng d
035 _a(Sirsi) u48954
041 _aeng
050 _a333.0062
090 _aRICS 1989/11 A
110 _aRoyal Institution of Chartered Surveyors
_94900
245 _aFuture education and training policies. Report of the Committee to the General Council
260 _aLondon
_bRoyal Institution of Chartered Surveyors
_c1989
300 _a17p. ; 30cm.
350 _a0
490 _aGCP(89)
_v14
520 _aEducation and Membership Committee.
650 _aABOUT RICS-RICS MEMBERS
650 _aEDUCATION AND MEMBERSHIP COMMITTEE
650 _aCAREERS, EDUCATION AND TRAINING
650 _aFUTURE EDUCATION AND TRAINING POLICIES
650 _aSURVEYORS
650 _aCAREERS, EDUCATION AND TRAINING
700 _aVenning, Patrick
_xChairman
942 _n0
948 _c04/03/1997
999 _c92443
_d92443